Un Decenio de gestión

Uloženo v:
Podrobná bibliografie
Korporativní autor: Instituto Antártico Chileno (Autor)
Médium: Kniha
Jazyk:španělština
Vydáno: Santiago Instituto Antártico Chileno 2001
Vydání:1a. ed
Témata:
Tagy: Přidat tag
Žádné tagy, Buďte první, kdo vytvoří štítek k tomuto záznamu!

MARC

LEADER 00000nam a2200000 a 4500
001 UCJ8158
003 CL-VaPUC
005 20241015163938.0
008 070124e20010511CL |||||||||||||||||spa|d
999 |c 323954  |d 323952 
040 |c Pontificia Universidad Católica de Valparaíso 
082 0 4 |a 918.3  |b INS  |2 21 
110 2 |a Instituto Antártico Chileno  |e author  |9 516867 
245 1 3 |a Un Decenio de gestión 
250 |a 1a. ed 
260 |a Santiago  |b Instituto Antártico Chileno  |c 2001 
300 |a 52 p 
500 |a Iconografía, ilustraciones y mapas sin indizar 
583 |a last modification  |c 20070124 00:00:00  |k Rodrigo Vera 
600 0 7 |a Lagos Escobar, Ricardo  |d 1938-  |9 859563 
600 0 7 |a ALVEAR VALENZUELA, MARIA SOLEDAD  |9 516868 
650 0 |a Geografía  |9 259346 
650 7 |a GLACIOLOGIA  |2 CL-VaPUC  |9 330910 
650 0 |a Expediciones científicas  |9 265222 
650 7 |a FLORA  |2 CL-VaPUC  |9 264745 
650 7 |a FAUNA  |2 CL-VaPUC  |9 349523 
650 0 |a Iconografía   |9 267998 
650 0 |a Ilustraciones  |9 369481 
650 0 |a Mapas  |9 260844 
650 0 |a Presidentes de Chile  |9 268293 
651 0 |a Antártica chilena   |9 328750 
852 |a BIBCUR 
942 |c BK  |2 ddc 
945 |d 20070124 00:00:00  |a rinostro 
952 |0 0  |1 0  |4 0  |6 918_300000000000000_INS_2001  |7 0  |8 X  |9 403826  |a FDOBUD  |b FDOBUD  |d 2019-11-22  |i 1073753  |o 918.3 INS 2001  |p 1073753  |r 2019-11-22  |w 2019-11-22  |y BK_X  |k BUD